Petroleum processing; principles and applications. (Record no. 71050)

000 -LEADER
fixed length control field 00474nam a22001817a 4500
003 - CONTROL NUMBER IDENTIFIER
control field NUST - PNEC
005 - DATE AND TIME OF LATEST TRANSACTION
control field 20170116181153.0
008 - FIXED-LENGTH DATA ELEMENTS--GENERAL INFORMATION
fixed length control field 151207b xxu||||| |||| 00| 0 eng d
020 ## - INTERNATIONAL STANDARD BOOK NUMBER
International Standard Book Number -
040 ## - CATALOGING SOURCE
Transcribing agency LIBRARY
082 ## - DEWEY DECIMAL CLASSIFICATION NUMBER
Classification number 665.53 HEN
100 ## - MAIN ENTRY--PERSONAL NAME
9 (RLIN) 15612
Personal name Hengstebeck, R. J.
245 ## - TITLE STATEMENT
Title Petroleum processing; principles and applications.
Statement of responsibility, etc. R. J.Hengstebeck
250 ## - EDITION STATEMENT
Edition statement -
260 ## - PUBLICATION, DISTRIBUTION, ETC.
Date of publication, distribution, etc. c 1959
650 ## - SUBJECT ADDED ENTRY--TOPICAL TERM
9 (RLIN) 15613
Topical term or geographic name entry element Petroleum--Refining
General subdivision General
942 ## - ADDED ENTRY ELEMENTS (KOHA)
Source of classification or shelving scheme
Koha item type Book
Holdings
Withdrawn status Lost status Source of classification or shelving scheme Damaged status Not for loan Permanent Location Current Location Shelving location Date acquired Total Checkouts Full call number Barcode Date last seen Price effective from Koha item type
          Pakistan Navy Engineering College (PNEC) Pakistan Navy Engineering College (PNEC)   12/07/2015   665.53 HEN PNECLIB-001983 12/07/2015   Book
© 2023 Central Library, National University of Sciences and Technology. All Rights Reserved.